[Event "AUTO-ADV-4927"]
[Site "http://www.queenalice.com/game.php?id=1872974"]
[Date "2026.5.5"]
[Round "2"]
[White "zubarev"]
[Black "Capixabba789"]
[Result "0-1"]
[WhiteElo "2015"]
[BlackElo "1903"]

1. d4 e6 2. e4 Nf6 3. Nc3 Be7 4. Nf3 O-O 5. Bd3 d6 6. O-O Bd7 7. Re1 Nc6 8. e5
dxe5 9. dxe5 Nd5 10. Bd2 f5 11. Nxd5 exd5 12. c3 Qe8 13. Nd4 Nxd4 14. cxd4 c5
15. Bc3 c4 16. Bc2 b5 17. a3 Be6 18. a4 b4 19. Bd2 b3 20. Bb1 a5 21. Re3 Qg6 22.
Rg3 Qe8 23. Qe1 Kh8 24. Bf4 Qh5 25. Rh3 Qg6 26. f3 Qf7 27. g4 fxg4 28. Rxh7+ Kg8
29. Bg3 Qxf3 30. Bh4 Bxh4 31. Qxh4 Qf1# 0-1

[Event "AUTO-ADV-4927"]
[Site "http://www.queenalice.com/game.php?id=1872975"]
[Date "2026.5.5"]
[Round "2"]
[White "Capixabba789"]
[Black "zubarev"]
[Result "0-1"]
[WhiteElo "1911"]
[BlackElo "1995"]

1. d4 d5 2. Nc3 Nf6 3. e3 e6 4. f4 Bb4 5. Bd2 Nc6 6. Nf3 Bxc3 7. Bxc3 Ne4 8. Be2
O-O 9. O-O f5 10. Be1 Bd7 11. Ne5 Nxe5 12. fxe5 b6 13. c4 c6 14. cxd5 cxd5 15.
Bb4 Re8 16. Bd3 Rc8 17. Bxe4 fxe4 18. Bd6 Bb5 19. Rf4 Bd3 20. b3 Qg5 21. Qe1 Rc2
22. Qg3 Qxg3 23. hxg3 Re2 24. Raf1 h6 25. Rf8+ Rxf8 26. Rxf8+ Kh7 27. Re8 Rxe3
28. Rxe6 Rxg3 29. Bb4 e3 30. Re8 e2 31. e6 Be4 32. e7 Rxg2+ 33. Kh1 e1=Q+ 34.
Bxe1 Re2+ 35. Kg1 Bg6 36. Kf1 Rxe1+ 37. Kxe1 Bxe8 0-1

[Event "AUTO-OPEN-4651"]
[Site "http://www.queenalice.com/game.php?id=1873069"]
[Date "2026.5.8"]
[Round "1"]
[White "zubarev"]
[Black "Tonto"]
[Result "1-0"]
[WhiteElo "1981"]
[BlackElo "1968"]

1. d4 Nf6 2. Nc3 b6 3. e3 Bb7 4. Nf3 e6 5. Bd3 Bb4 6. Bd2 Nc6 7. O-O O-O 8. a3
Bd6 9. Re1 Ne7 10. e4 Nh5 11. e5 Ng6 12. Ng5 Nhf4 13. Nf3 Be7 14. Qc1 Bg5 15.
Bf1 Bxf3 16. gxf3 d6 17. Kh1 f6 18. Ne4 fxe5 19. dxe5 Nxe5 20. Qd1 Bh4 21. Ng3
Qg5 22. Ne4 Qg6 23. Ng3 Bxg3 24. fxg3 Nd5 25. c3 Nxf3 26. Re2 Nf4 27. Rf2 Nxd2
28. Qxd2 Qe4+ 29. Kg1 Ng6 30. Bg2 Qg4 31. Bxa8 Rxa8 32. Raf1 e5 33. Qd5+ 1-0

[Event "AUTO-OPEN-4651"]
[Site "http://www.queenalice.com/game.php?id=1873070"]
[Date "2026.5.8"]
[Round "1"]
[White "Tonto"]
[Black "zubarev"]
[Result "1-0"]
[WhiteElo "1957"]
[BlackElo "2016"]

1. e4 e5 2. Nf3 Nc6 3. Be2 Be7 4. d3 Nf6 5. Be3 d6 6. Nc3 O-O 7. O-O Bg4 8. h3
Bh5 9. Nd5 Nd7 10. c3 Bg6 11. Qb3 Na5 12. Qa4 b6 13. b4 Nb7 14. Qc6 Rb8 15.
Nxe7+ Qxe7 16. Qa4 f5 17. exf5 Bxf5 18. Bg5 Qf7 19. d4 Kh8 20. Rac1 h6 21. Bh4
e4 22. Nd2 Nf6 23. Bc4 Qg6 24. Kh2 a5 25. Be2 Qf7 26. Bg3 axb4 27. cxb4 Nh5 28.
Bxh5 Qxh5 29. Rxc7 Qe2 30. Qa7 Qxd2 31. Rxb7 Rxb7 32. Qxb7 Qxd4 33. a3 Qd3 34.
Rg1 Qd4 35. Qe7 Rc8 36. Bxd6 Qxf2 37. Be5 Rg8 38. Qd6 Rc8 39. Qxh6+ Kg8 40.
Qxg7# 1-0

[Event "AUTO-OPEN-4651"]
[Site "http://www.queenalice.com/game.php?id=1873071"]
[Date "2026.5.8"]
[Round "1"]
[White "zubarev"]
[Black "SGF"]
[Result "1-0"]
[WhiteElo "1964"]
[BlackElo "1723"]

1. d4 d5 2. Nf3 f6 3. e3 Bg4 4. Be2 h5 5. Nc3 c6 6. O-O b5 7. h3 Bxf3 8. Bxf3 g5
9. Re1 Qa5 10. Bxh5+ Kd7 11. Qg4+ e6 12. Bf7 Kc7 13. Qxe6 Nh6 14. Qxf6 Rg8 15.
Bxg8 Nxg8 16. Qxf8 b4 17. Qxg8 bxc3 18. Qxg5 cxb2 19. Bxb2 Nd7 20. Qf4+ Kb7 21.
Reb1 Ka6 22. Qd6 Nb6 23. Qxc6 Rc8 24. Qg6 Kb7 25. h4 Qd2 26. c3 Rc6 27. Qg5 Qd3
28. h5 Ka6 29. h6 Nc4 30. Qxd5 Rxh6 31. Ba3 Nxa3 32. Qb7+ Ka5 33. Qxa7+ Ra6 34.
Qc5+ Nb5 35. c4 Rb6 36. Rxb5+ Rxb5 37. Qxb5# 1-0

[Event "AUTO-OPEN-4651"]
[Site "http://www.queenalice.com/game.php?id=1873072"]
[Date "2026.5.8"]
[Round "1"]
[White "SGF"]
[Black "zubarev"]
[Result "0-1"]
[WhiteElo "1745"]
[BlackElo "1943"]

1. e4 e5 2. Qf3 Nf6 3. d3 Be7 4. Be2 O-O 5. Qg3 d6 6. Bh6 Ne8 7. h4 Nc6 8. c3 f5
9. h5 f4 10. Qf3 gxh6 11. b4 Bg5 12. g3 fxg3 13. Qxg3 Kh8 14. Bg4 Nf6 15. Bxc8
Rxc8 16. a4 Bf4 17. Qf3 d5 18. b5 Ne7 19. exd5 Nfxd5 20. Ne2 Bd2+ 21. Nxd2 Rxf3
22. Nxf3 Nxc3 23. Nxc3 Qxd3 24. Rh3 Qxc3+ 25. Ke2 Qxa1 26. Rh4 Rd8 27. Ke3 Nf5+
28. Ke4 Nxh4 29. Nxe5 Qxe5+ 30. Kxe5 Kg7 31. f4 Rd1 32. Ke6 Rd4 33. Ke5 Rxa4 34.
Ke6 Rxf4 35. Kd7 Rf5 36. Kxc7 Rxh5 37. Kxb7 Rxb5+ 38. Kxa7 Rb1 39. Ka6 Nf5 40.
Ka5 h5 41. Ka4 h4 42. Ka3 h3 43. Ka2 Rb7 44. Ka3 h2 45. Ka4 h1=R 46. Ka5 Ra1#
0-1

[Event "AUTO-ADV-4935"]
[Site "http://www.queenalice.com/game.php?id=1873148"]
[Date "2026.5.8"]
[Round "1"]
[White "mvson33"]
[Black "zubarev"]
[Result "0-1"]
[WhiteElo "1834"]
[BlackElo "1996"]

1. d4 d5 2. Nf3 Nf6 3. g3 e6 4. Bg2 Nc6 5. O-O Bd6 6. Bg5 Be7 7. Nc3 O-O 8. Bf4
Ne4 9. Nxe4 dxe4 10. Nd2 f5 11. Nb3 Bd6 12. Bd2 Qf6 13. c3 b6 14. Be3 Ne7 15.
Nd2 Ng6 16. Nb3 e5 17. dxe5 Nxe5 18. Bd4 Bb7 19. Be3 Nc4 20. Rb1 Nxe3 21. fxe3
Qh6 22. Nd4 Qxe3+ 23. Kh1 g6 24. Ne6 Rfe8 25. Nd4 Bc5 26. Nc2 Qh6 27. Nd4 Rad8
28. Qb3+ Kg7 29. Rbe1 Bxd4 30. cxd4 Bd5 31. Qa4 a5 32. a3 Qd2 33. Qb5 Qc2 34.
Kg1 Bc4 0-1

[Event "AUTO-ADV-4936"]
[Site "http://www.queenalice.com/game.php?id=1873376"]
[Date "2026.5.13"]
[Round "1"]
[White "zubarev"]
[Black "Capixabba789"]
[Result "1/2-1/2"]
[WhiteElo "1969"]
[BlackElo "1840"]

1. d4 d5 2. Nc3 e6 3. Nf3 Nf6 4. e3 Be7 5. Bd3 O-O 6. O-O Nc6 7. Re1 Bd7 8. e4
dxe4 9. Nxe4 a6 10. Bg5 Na7 11. c3 Bc6 12. Rc1 Nb5 13. Ne5 Nxe4 14. Bxe7 Nxf2
15. Kxf2 Qxe7 16. Re3 Be8 17. Rh3 f5 18. Qf3 c6 19. Re1 Nd6 20. Nc4 Bg6 21. Ne5
Rf6 22. Bc2 Raf8 23. Kg1 Ne4 24. Qe2 Ng5 25. Rg3 Ne4 26. Re3 Ng5 27. Nf3 Nxf3+
28. Qxf3 f4 29. R3e2 Qe8 30. Rxe6 Rxe6 31. Bb3 Bf7 32. Bxe6 Bxe6 33. Re4 Qf7 34.
Re5 Bxa2 35. Qe2 Qb3 36. Re7 h6 37. Qg4 Rf7 38. Re8+ Rf8 39. Re7 Rf7 40. Re8+
Rf8 41. Re7 1/2-1/2

[Event "AUTO-ADV-4936"]
[Site "http://www.queenalice.com/game.php?id=1873377"]
[Date "2026.5.13"]
[Round "1"]
[White "Capixabba789"]
[Black "zubarev"]
[Result "0-1"]
[WhiteElo "1860"]
[BlackElo "1941"]

1. d4 d5 2. Nc3 Nf6 3. e3 e6 4. f4 Bb4 5. Bd2 O-O 6. Nf3 Nc6 7. Bd3 Bd7 8. O-O
Ne8 9. e4 dxe4 10. Nxe4 Bxd2 11. Qxd2 f5 12. Ng3 Nf6 13. c3 Nd5 14. Ne5 Nxe5 15.
fxe5 Bc6 16. c4 Ne7 17. c5 Nd5 18. a3 Qe7 19. b4 f4 20. Ne4 Ne3 21. Rf3 a5 22.
Rxe3 fxe3 23. Qxe3 axb4 24. Ng5 h6 25. Ne4 Rxa3 26. Rxa3 bxa3 27. Nc3 Qd7 28.
Bc2 Qf7 29. h3 Qf1+ 30. Kh2 Qxg2# 0-1